000 00304nam a22001337a 4500
008 180214b xxu||||| |||| 00| 0 eng d
020 _a9781426642395
041 _aeng
080 _a33
100 _a58
101 _aBUS
245 _aBUSINESS COMUNICATION EVRYWHERE
_cMICHAEL.D.T
942 _2udc
_cBK
999 _c42493
_d42493